Toutes les communes du canton de Luçon (85) - Statistiques

Statistiques générales
  • Ce quiz a été pris 33 fois
  • Le résultat moyen est 6 sur 21
Réponses sur la Carte
Les réponses sont colorées sur une échelle allant du rouge au vert en fonction du pourcentage des utilisateurs qui les ont devinées à leur premier essai. Vous pouvez retrouver ces pourcentages ci-dessous.
 
Statistiques - réponses
Commune % Correct
Luçon
80%
Sainte-Gemme-la-Plaine
50%
Lairoux
40%
Saint-Michel-en-l'Herm
40%
Chaillé-les-Marais
30%
Chasnais
30%
Grues
30%
Moreilles
30%
Mouzeuil-Saint-Martin
30%
Nalliers
30%
Pouillé
30%
Saint-Denis-du-Payré
30%
Vouillé-les-Marais
30%
Le Gué-de-Velluire
20%
Les Magnils-Reigniers
20%
Puyravault
20%
Sainte-Radégonde-des-Noyers
20%
Triaize
20%
Champagné-les-Marais
10%
La Taillée
10%
L'Île-d'Elle
10%
Aucun quiz correspondant
Distribution des résultats
% des personnes avec chaque résultat
Percentile par nombre de réponses
Votre historique - résultats
Vous n’avez pas pris ce quiz